| 000 | 01741nam a2200457 c 4500 | ||
|---|---|---|---|
| 003 | BLK | ||
| 005 | 20231212123530.0 | ||
| 008 | 180408b bul|||||r ||||||| ||bul|| | ||
| 010 | _aKNG00040026000 | ||
| 020 |
_a954-450-123-1 _bиздат.: ЕА |
||
| 040 | _aBLK | ||
| 041 |
_aBUL _cBUL |
||
| 080 |
_a _b159.963/.964 _x _z159.963/.964 |
||
| 080 |
_aАлхимия _b133.5:54 _x _z133.5:54 |
||
| 080 |
_aПисменост. Системи на писмо. Знаци и символи. Кодове. Графическо представяне на мисълта. Вж и 744. 9; 801. Семиотика(общи въпр. ) _b003 _x _z003 |
||
| 100 | 1 |
_aЮнг, Карл Густав _eпърви автор _9364054 |
|
| 700 | 1 |
_aШаранков, Стефан _eпрев. _9275208 |
|
| 139 |
_aЮнг, Карл Густав _bЮ 24 |
||
| 245 | 1 | 0 |
_aПсихология и алхимия _cКарл Густав Юнг; прев. Стефан Шаранков. |
| 257 | _aSWI | ||
| 260 |
_аПлевен _bЕА _c2001 |
||
| 300 |
_a567 с. _bс ил., факс. _c20 см |
||
| 380 | _a1 | ||
| 490 | 1 | _aЗа човека | |
| 500 | _aОриг. загл. Psychologie und Alchemie / C. G. Jung. - Офс. изд. | ||
| 650 | 4 |
_aПсихология _9168332 |
|
| 650 | 4 |
_aСънища _9172981 |
|
| 650 | 4 |
_aАлхимия _9146813 |
|
| 650 | 4 |
_aСимволи и знаци _9247835 |
|
| 653 | _aпсихология | ||
| 653 | _aсънища | ||
| 653 | _aалхимия | ||
| 653 | _aсимволи | ||
| 653 | _aзнаци | ||
| 852 | _aЦб 209804 | ||
| 856 | 4 |
_qpdf _u |
|
| 856 | 4 |
_qpdf _u |
|
| 942 |
_cKNG _n0 _06 |
||
| 944 |
_aCR _c15.01.2003 _k30531 _lЦветелина Шанова |
||
| 944 |
_aED _c05.01.2007 _k |
||
| 999 |
_c36906 _d36906 |
||